| 000 | 01279nam a2200289 a 4500 | ||
|---|---|---|---|
| 001 | 67677 | ||
| 003 | BD-RjUL | ||
| 005 | 20211209081700.0 | ||
| 008 | 170328s1962 wiua b 101 0 eng d | ||
| 035 | _a(BD-RjUL)67886 | ||
| 040 |
_aDLC _cMDY _dOCL _dXBM _dOCL _dOUN _dSER _dWQM _dEQO _dBD-RjUL _beng |
||
| 041 | _aeng | ||
| 082 |
_a616.89 _223 _bPHY 1962 |
||
| 245 | 0 | 0 |
_aPhysiological correlates of psychological disorder : _bproceedings of an interdisciplinary research conference sponsored by the Wisconsin Psychiatric Institute and the Dept. of Psychiatry of the University of Wisconsin Medical Center / _cEdited by Robert Roessler and Norman S. Greenfield. |
| 260 |
_aMadison : _bUniversity of Wisconsin Press, _c1962. |
||
| 300 |
_axi, 281 p. : _bill.; _c25 cm. |
||
| 504 | _aIncludes index and bibliographies. | ||
| 650 | 0 |
_aPsychiatry _xCongresses. _9200647 |
|
| 650 | 0 |
_aMental illness _xPhysiological aspects _vCongresses. _9200648 |
|
| 650 | 2 |
_aPsychophysiology. _9148452 |
|
| 650 | 2 |
_aPsychosomatic Medicine. _9200649 |
|
| 700 | 1 |
_aRoessler, Robert _9200650 |
|
| 700 | 1 |
_aGreenfield, Norman S. _9200651 |
|
| 710 | 1 |
_aWisconsin. _bPsychiatric Institute, Madison. _9200652 |
|
| 710 | 2 |
_aUniversity of Wisconsin--Madison. _bDepartment of Psychiatry. _9200653 |
|
| 942 |
_2ddc _cBK |
||
| 999 |
_c67677 _d67677 |
||